Utečenci, migranti, a migračná kríza v Európskej Únii

Terminológia migrácie. Výskum migračnej krízy, ktorá vyvrcholila v roku 2015.

Saved in:
Bibliographic Details
Main Author: Stradiotová, Eva, 1963-
Format: Book Chapter
Language:Slovak
Subjects:
Tags: Add Tag
No Tags, Be the first to tag this record!

MARC

LEADER 00000nla a2200000 4500
001 0241531
005 20240722120306.5
041 0 |a slo 
044 |a SK 
245 1 0 |a Utečenci, migranti, a migračná kríza v Európskej Únii  |c Eva Stradiotová 
520 |a Terminológia migrácie. Výskum migračnej krízy, ktorá vyvrcholila v roku 2015. 
610 2 0 |a migrácia 
610 2 0 |a Európska únia 
610 2 0 |a kríza 
610 2 0 |a kríza migračná 
610 2 0 |a imigrácia 
610 2 0 |a definície 
100 1 |a Stradiotová, Eva, 1963-